000 01320nam0a2200349 4500
001 RU\NLR\BIBL_A\022628248
005 20251217173219.0
010 _a978-5-6052783-6-8
_91000
021 _aRU
_bКН-П-25-046783
_9КН-П-25-4541
035 _a(NLR Aleph) 022628248
090 _a13506518
_c13506518
100 _a20250923d2025 u y0rusy50 ca
101 0 _arus
102 _aRU
105 _ac z 000aa
181 0 _ai3
_baxxe
182 0 _an
200 1 _aСпаси и сохрани мою Россию
_eповесть
_fАлександр Михайлов
203 _aТекст
_bвизуальный
_cнепосредственный
210 _aЧита
_cЧитинская городская типография
_d2025
215 _a293 с.
_cпортр., цв. портр.
_d21
333 _a12+
600 1 _aМихайлов
_bА.Я.
_gАлександр Яковлевич
_f1944
_2nlr_sh1
_2nlr_sh2
_3RU\NLR\AUTH\66576929
686 1 _aЩ374.3(2Р)7-86Михайлов
686 2 _aШ6(2=Р)8-443авт.
700 1 _aМихайлов
_bА. Я.
_cактёр
_f1944-
_gАлександр Яковлевич
_3RU\NLR\AUTH\770287702
942 _cBOOK
980 _aNB